[Event "Moscow Rector Cup"]
[Site "Moscow"]
[Date "2006.07.12"]
[Round "13"]
[White "Klimov, Valentin"]
[Black "Kuznecov, Mikhail"]
[Result "1/2-1/2"]
[WhiteElo "2233"]
[BlackElo "2343"]
[PlyCount "30"]
[EventDate "2006.07.02"]
[EventType "tourn"]
[EventRounds "15"]
[EventCountry "RUS"]
[SourceTitle "EXT 2008"]
[Source "ChessBase"]
[SourceDate "2007.11.25"]
[SourceVersion "1"]
[SourceVersionDate "2007.11.25"]
[SourceQuality "1"]

1. e4 c6 2. d4 d5 3. Nc3 dxe4 4. Nxe4 Bf5 5. Ng3 Bg6 6. h4 h6 7. Nf3 Nd7 8. h5 Bh7 9. Bd3 Bxd3 10. Qxd3 e6 11. Bf4 Ngf6 12. 0-0-0 Be7 13. Kb1 0-0 14. Ne4 Nxe4 15. Qxe4 Nf6 1/2-1/2

[Event "Moscow Rector Cup"]
[Site "Moscow"]
[Date "2006.07.10"]
[Round "11"]
[White "Klimov, Valentin"]
[Black "Moiseenko, Vladimir"]
[Result "0-1"]
[WhiteElo "2233"]
[BlackElo "2151"]
[PlyCount "96"]
[EventDate "2006.07.02"]
[EventType "tourn"]
[EventRounds "15"]
[EventCountry "RUS"]
[SourceTitle "EXT 2008"]
[Source "ChessBase"]
[SourceDate "2007.11.25"]
[SourceVersion "1"]
[SourceVersionDate "2007.11.25"]
[SourceQuality "1"]

1. c4 Nf6 2. Nf3 e6 3. d4 c5 4. d5 exd5 5. cxd5 d6 6. Nc3 g6 7. Bf4 Bg7 8. Qa4+ Bd7 9. Qb3 b5 10. Bxd6 Qb6 11. Be5 0-0 12. e3 c4 13. Qd1 Na6 14. Be2 b4 15. Nb1 Rac8 16. 0-0 Rfd8 17. Nbd2 Bb5 18. Bd4 Qb7 19. e4 Nxe4 20. Nxe4 Rxd5 21. a4 Be8 22. Rc1 Bxd4 23. Nxd4 Qb6 24. Bxc4 Rxd4 25. Qe2 Nc7 26. Qg4 Ne6 27. a5 Qxa5 28. Bxe6 Rxc1 29. Rxc1 Qe5 30. Bxf7+ Bxf7 31. f3 Rd3 32. Qh4 Qd4+ 33. Qf2 Rd1+ 34. Rxd1 Qxd1+ 35. Qf1 Qc2 36. Qa1 b3 37. g4 Qe2 38. g5 Kg7 39. h4 Qxf3 40. Qe1 Qg4+ 41. Kh2 Qf4+ 42. Kg1 Qe5 43. Qe3 Qxb2 44. Nf6 Qa1+ 45. Kf2 b2 46. Qe7 b1Q 47. Ne8+ Kh8 48. Qf8+ Bg8 0-1

[Event "Moscow Rector Cup"]
[Site "Moscow"]
[Date "2006.07.08"]
[Round "8"]
[White "Nagibin, George"]
[Black "Klimov, Valentin"]
[Result "1-0"]
[WhiteElo "2312"]
[BlackElo "2233"]
[PlyCount "49"]
[EventDate "2006.07.02"]
[EventType "tourn"]
[EventRounds "15"]
[EventCountry "RUS"]
[SourceTitle "EXT 2008"]
[Source "ChessBase"]
[SourceDate "2007.11.25"]
[SourceVersion "1"]
[SourceVersionDate "2007.11.25"]
[SourceQuality "1"]

1. d4 f5 2. e4 fxe4 3. Nc3 Nf6 4. Bg5 g6 5. f3 exf3 6. Nxf3 Bg7 7. Bc4 d6 8. Qe2 c6 9. 0-0-0 d5 10. Bd3 Bg4 11. Rdf1 0-0 12. h3 Bxf3 13. Rxf3 Nbd7 14. Rhf1 Qb6 15. Rf4 e5 16. dxe5 Nh5 17. Rxf8+ Rxf8 18. Rxf8+ Nxf8 19. e6 Bxc3 20. bxc3 Qg1+ 21. Kd2 Ng3 22. Qf3 Ne4+ 23. Bxe4 Nxe6 24. Be3 dxe4 25. Qxe4 1-0

[Event "Moscow Rector Cup"]
[Site "Moscow"]
[Date "2006.07.07"]
[Round "7"]
[White "Klimov, Valentin"]
[Black "Kravchenko, Vladimir V"]
[Result "1/2-1/2"]
[WhiteElo "2233"]
[BlackElo "2424"]
[PlyCount "21"]
[EventDate "2006.07.02"]
[EventType "tourn"]
[EventRounds "15"]
[EventCountry "RUS"]
[SourceTitle "EXT 2008"]
[Source "ChessBase"]
[SourceDate "2007.11.25"]
[SourceVersion "1"]
[SourceVersionDate "2007.11.25"]
[SourceQuality "1"]

1. e4 c5 2. Nf3 e6 3. d4 cxd4 4. Nxd4 a6 5. Nc3 Qc7 6. Be3 b5 7. Bd3 Bb7 8. 0-0 Nc6 9. Nxc6 Bxc6 10. Re1 Bd6 11. h3 1/2-1/2